MDQL
is popping MORE tags! Check the
thread
!
Quizzes
Events
Quiz Creation
Community
Videos
Private Events
Remove Ads
Sign In
Join for FREE
Feedback
Dark Mode
Quiz Categories
Sports
Geography
Music
Movies
Television
Just For Fun
Miscellaneous
History
Literature
Language
Science
Gaming
Entertainment
Religion
Holiday
For Kids
Quiz Lab
Recent
Popular Today
Quiz Kudos Today
Editor Picks
Curator Picks
Quizzes by...
Day
Popularity
Type
Ratings
Length
Year
Community
Subscriptions
Recent Discussions
Orange Saloon
Badges
Playlists
Quests
Create
Leaderboards
Showdown
Live 5
Trivia Bingo
Activity
Puzzle Library
Sporcle Events
Private Events
Virtual Trivia
Globe League
Become a Host
Pub Owners
SporcleCon
Opinionation
Our Games
Videos
Blog
Mobile Apps
Partnerships
Remove Ads and Go Orange
Feedback
Literature
Harry Potter
A Song of Ice and Fire
The Hunger Games
Literary Character
Shakespeare
Book
Author
Novel
Poem
Young Adult
Children's Books
Play
Lord of the Rings
Literature
Harry Potter
A Song of Ice and Fire
The Hunger Games
Literary Character
Shakespeare
Book
Author
Novel
Poem
Young Adult
Children's Books
Play
Lord of the Rings
Random Quiz
Search Sporcle
×
Quiz Lab
Quiz Lab
Literature
A Song of Ice and Fire
Type in answers that appear in a list
Type in answers that appear in a list
Classic
Best Score? Go Orange.
A Song Of Ice And Fire Characters By Quote (Spoilers) Stats
Can you name the A Song Of Ice And Fire Characters By Quote?
By
Arkturus
15m
100 Questions
2,031 Plays
2,031 Plays
2,031 Plays
Comments
Comments
Give Quiz Kudos
Give Quiz Kudos
-
- Ratings
hide this ad
More Info
Forced Order
Answers have to be entered in order
Answers have to be entered in order
Replay
Link that replays current quiz
Next Quiz
Link to next quiz in quiz playlist
You Got
0%
They Got
Avg Score
41%
Avg Friend Score
Upgrade to see
Score Distribution
Jump to the score distribution portion of the page
Score
0/100
Timer
15:00
0
Plays Today
Quote
Character
% Correct
'What is dead may never die, but rises again, harder and stronger'
Aeron Greyjoy
88.6%
'When you play the game of thrones, you win or you die'
Cersei Lannister
77.2%
'Hodor?'
Hodor
76%
'Knowledge is a weapon, Jon. Arm yourself well before you ride forth to battle'
Aemon Targaryen
75.2%
'So the b*stard boy sends me out to die?'
Alliser Thorne
74.4%
'First lesson, stick them with the pointy end'
Jon Snow
73.7%
'Elia of Dorne. I killed her screaming whelp. Then I raped her. Then I smashed her f**cking head in like this'
Gregor Clegane
72.8%
'I seldom fling children from towers to improve their health. Yes, I meant for him to die'
Jaime Lannister
72.2%
'If you would take a man's life, you owe it to him to look into his eyes and hear his final words'
Eddard Stark
71.6%
'I did warn you not to trust me, you know'
Petyr Baelish
69.5%
'You raped her. You murdered her. You killed her children...I will hear you say it. She was Elia of Dorne'
Oberyn Martell
69.4%
'Mother, make him fly!'
Robert Arryn
69%
'The seed is strong'
Jon Arryn
68.7%
'I am but a young girl and know little of the ways of war'
Daenerys Targaryen
68.5%
'I pray for a glimpse of Azor Ahai, and yet R'hllor shows me only Jon Snow'
Melisandre
67.8%
'I have won every battle, yet somehow I'm losing the war'
Robb Stark
67.5%
'Rhaegar fought nobly, Rhaegar fought honorably. And Rhaegar died'
Jorah Mormont
66.4%
'My name is Reek, it rhymes with freak'
Theon Greyjoy
66.1%
'The Iron Throne is mine by rights. All those who deny that are my foes'
Stannis Baratheon
64.7%
'You know nothing, Jon Snow'
Ygritte
64.3%
'Men call me Darkstar, and I am of the night'
Gerold Dayne
62.4%
'You don't want to wake the dragon, do you?'
Viserys Targaryen
61.9%
'Give me a man for every vow I've seen broken and the Wall will never lack for defenders'
Jeor Mormont
60.1%
'Under the sea, the fish eat us. I know, I know, oh, oh, oh'
Patchface
59.9%
'If I could pray with my c**k, I'd be much more religious'
Tyrion Lannister
59.2%
'Should I pleasure the Khaleesi?'
Irri
58.9%
'On the Wall, a man gets only what he earns'
Benjen Stark
58.1%
'Where wh*res go'
Tywin Lannister
57.9%
'Kinthlayer, you are my captifth'
Vargo Hoat
57.5%
'I will cut off your manhood and feed it to the goats'
Shagga
56.9%
'Jaime Lannister sends his regards'
Roose Bolton
55.5%
'Fear cuts deeper than swords'
Syrio Forel
55.4%
'No, you've got to carry me'
Lommy Greenhands
54.9%
'When I'm king in my own right, I'm going to outlaw beets'
Tommen Baratheon
54.7%
Quote
Character
% Correct
'Only a man who's been burned, knows what hell is really like'
Sandor Clegane
54.5%
'Sir? Mylady?'
Podrick Payne
53.9%
'Crown! A crown for cart king!'
Khal Drogo
52.8%
'Your meat is bloody tough!'
Greatjon Umber
52.6%
'You tell him this, m'lord. You tell him he's bound on marching the wrong way. It's north he should be taking his swords. North, not south. You hear me?'
Osha
52.4%
'He is dying of the venom, but slowly, and in exquisite agony'
Qyburn
52.1%
'A girl should be bloody too. This is her work'
Jaqen H'ghar
51.6%
'Oh, I do hope he plays the Rains of Castemere. It's been almost an hour, I've forgotten how it goes'
Olenna Redwyne
51%
'When I left the Shadow Tower there were five men making noises about how they might be the stuff of kings. Tormund was one, the Magnar another. The other three I slew'
Mance Rayder
49%
'We're children. We're supposed to be childish'
Myrcella Baratheon
48.4%
'I can't stand the wailing of women'
Joffrey Baratheon
47.6%
'F**k you dwarf'
Bronn
47.1%
'He is no true knight but he saved me all the same. save him if you can, and gentle the rage inside him'
Sansa Stark
47%
'From what I saw of Joffrey, you are as unfit a mother as you are a ruler'
Kevan Lannister
46.5%
'There is no creature on earth half so terrifying as a truly just man'
Varys
45.8%
'Only death can pay for life'
Mirri Maz Duur
45.7%
'Madness and greatness are two sides of the same coin'
Barristan Selmy
45.3%
'We'll have music, such sweet music, and wine, heh, the red will run, and we'll put some wrongs aright'
Walder Frey
45.2%
'Qarth wants no khalasars seething round our walls. The stench of all those horses...'
Xaro Xhoan Daxos
45.1%
'And half me member is twice as long as any other man's'
Tormund Giantsbane
43.9%
'Love is sweet, dearest Ned, but it cannot change a man's nature'
Lyanna Stark
42.8%
'Perchance later you'll tell me how a nine year old girl the size of a wet rat managed to disarm you with a broomhandle and throw your sword into the river'
Renly Baratheon
40.8%
'Maybe I never saw a camel, but I know a camel's c**t when I smell one'
Arya Stark
40.2%
'Our honor means no more than our lives, so long as the realm is safe. Are you a man of the Night's watch?'
Qhorin Halfhand
38%
'No he was dead already, from that axe in his head. Still, it was pretty lucky, missing all those rocks'
Eddison Tollett
37.3%
'So young, though mayhaps his blessing. Had he lived he would've grown up to be a Frey'
Wyman Manderly
37.2%
'Lord Randyll is of the view that you might benefit from a good hard raping'
Hyle Hunt
35.5%
'You vile, scheming, evil b*tch'
Margaery Tyrell
35.4%
'Take my hand and I will kill you, but first i'll tie you to the rail and make the crew a gift of your a*se'
Victarion Greyjoy
35.1%
'That's no law, just a sword. Happens I got one too'
Yoren
34.5%
'Maybe next year'
Robert Baratheon
33.6%
'What sort of lady throws an apple?'
Gendry
32.8%
'[Character name] needs liver and onions!'
Strong Belwas
31.3%
'It's no disgrace to miss your shot'
Brynden Tully
31.1%
Quote
Character
% Correct
'A reader lives a thousand lives before he dies. the man who never reads lives only one'
Jojen Reed
30.6%
'I prefer my history dead. Dead history is writ in ink, the living sort in blood'
Rodrik Harlaw
29.9%
'Our knees do not bend easily'
Arthur Dayne
27.1%
'Oh, is it love we're talking now? And here I thought it was just c*cks and c*nts'
Asha Greyjoy
26.5%
'In Yunkai and Meereen, eunuchs are often made by removing a boy's test*cles, but leaving the pen*s. Such a creature is infertile, yet often still capable of erection. Only trouble
Missandei
25.5%
'My uncle always said that it was the sword in a mans hand that determined his worth, not the one between his legs'
Arianne Martell
24.7%
'Kings and corpses always draw attendants'
Davos Seaworth
24.7%
'If I look back, I am lost'
Brienne Of Tarth
23.8%
'The gods made men to fight, and women to bear children. A woman's war is in the birthing bed'
Randyll Tarly
23.3%
'When I was a boy I dreamt that I could fly, When I woke, I couldn't...or so the maester said'
Euron Greyjoy
22.4%
'It is one thing to be clever and another to be wise'
Catelyn Stark
22.2%
'There is small honor in unhorsing green boys'
Arys Oakheart
21.6%
'Lord Snow, if you muck this up, I'm going to rip out your liver and eat it raw with onions'
Cotter Pyke
20.5%
'The bears danced and the bells rang, and the prince wore red and gold and orange'
Areo Hotah
18.8%
'My a*se is sore, and I think I've got blisters'
Hot Pie
18.5%
'Valor is a poor substitute for numbers'
Doran Martell
18%
'The sun will not cease to shine if we miss a prayer or two'
Thoros Of Myr
17.8%
'Wise measures. Though I have no love of that alchemist's piss'
Jacelyn Bywater
17%
'The past remains the past. We can learn from it, but we cannot change it'
Brynden Rivers
16.7%
'We look at mountains and call them eternal, and so they seem…but in the course of time, mountains rise and fall, rivers change their courses, stars fall from the sky...'
Maester Luwin
15.3%
'Flies are the dead man's revenge. Corpses breed maggots, and maggots breed flies'
Daario Naharis
15%
'You've just been good and foraged'
Lem Lemoncloak
14.8%
'Better to mock the game than to play and lose'
Genna Lannister
13.6%
'Gods make uncertain allies at best and that one has no power here'
Maester Cressen
13.3%
'War makes thieves of many honest folk'
Tom Of Sevenstreams
11.3%
'He's a man. He dreams of her naked'
Myranda Royce
10.5%
'Is it the justice of your cause you doubt, my lord, or the strength of your arm?'
Cortnay Penrose
10.5%
'Too much light can hurt the eyes, my friend, and fire burns'
Salladhor Saan
10.3%
'Is there anything as pointless as a king without a kingdom?'
Mace Tyrell
9.4%
'These old knights are more cunning than you think, or they would never have lived to see their first grey hair'
Dagmer Cleftjaw
8%
'Listen to the darkness'
Gared
4.5%
''Fortunately, they hate each other even more than they hate us'
Lothor Brune
4.3%
Quiz Playlist
Details
Report
Send in Message
Add To Playlist
More Info:
Name the characters from George R.R Martin's Song Of Ice And Fire series from the quotes provided. Potentially mild spoilers.
Classic:
Type in answers that appear in a list
Forced Order:
Answers have to be entered in order
Last Updated: Feb 16, 2017
Quiz Scoreboard
CHALLENGE
Sign Up to Join the Scoreboard
Show All
Scores
Hide
Comments
May contain spoilers
Recently Published
1-10 Letter E Words III
by El_Dandy
Language
2m
Street Fighter Characters
by Artimus82
Gaming
60s
College Basketball Coaching Resumes
by pancakes188
Sports
9m
More to Explore
Quiz From the Vault
Featured Blog Post
Where Did the Easter Bunny Come From?
hide this ad
You Might Also Like...
Tags
A Song of Ice and Fire Quiz
Quote Quiz
Character
Fantasy
Fantasy Characters
Game of Thrones
George RR Martin
stark
Today's Top Quizzes in Literature
Browse Literature
hide this ad
Today's Top Quizzes in A Song of Ice and Fire
Browse A Song of Ice and Fire
Top Contributed Quizzes in Literature
1
Sneaky Slytherin Logic Puzzle
2
Get The Picture: Black or White Literature
3
5-to-1: Plays
4
A Court of Thorns and Roses (ACoTaR) Logic Puzzle
5
One Thing in Common: Literature
6
One Thing in Common: Literature II
7
One Thing in Common: Books
8
One Thing in Common: Literature 3
9
'Middle' Earth
10
Harry Potter Neighbourly Logic Puzzle #1
Explore More
Trending Topics
Crossword
Harry Potter
NBA
Kpop
Marvel
Disney
Anime
NFL
Song
Puzzle
WWE
The Office
Soccer
Country
Pokémon
hide this ad
More By:
Arkturus
Quiz
Plays
Rating
Category
Featured
Created
IGN's Top 100 Final Fantasy Characters
5,051
4.40
Gaming
Jul 20, 2011
Have They Won An NXT Championship (2012-2023)?
3,746
3.42
Sports
Oct 11, 2017
100 Greatest Western Movies
3,474
4.45
Movies
Jun 20, 2011
100 Greatest Action Movies
2,998
4.19
Movies
Jun 19, 2011
100 Greatest Sci-Fi Movies
2,988
4.29
Movies
Jun 17, 2011
Go to Creator's Profile
Score Distribution
Quiz Creator Spotlight
Arkturus
Follow
Send a Message
Quizzes Created
-
Created Quiz Play Count
-
More By This Creator
Popular Quizzes Today
1
Find the US States - No Outlines Minefield
2
Find the Countries of Europe - No Outlines Minefield
3
The Countries of the World
4
Find the US States
5
Risky Map Clicking: Biggest States A-Z
6
US States
7
Popular People in 1961
8
Movies - When Are They Set?
More Literature Quizzes
Draw Slytherin
Editor's Pick
Trending Quizzes
Risky Map Clicking: Least Populous States A-Z
Billboard Blitz: Aretha Franklin
Famous Russians: Author or Composer?
1-10 Letter G Words
Countries of the World: 200 Million BC
Recently Updated
Leaping Animals
pecheneg
Reality TV Shows (A-Z)
bhenderson79
Rickey Henderson's Hall of Fame Teammates
pecheneg
Champions League XIs: Arsenal
pecheneg
Quick Pick: Celebrities in WWE's Hall of Fame
aduchscher
A-Z Keypad Blitz II
pecheneg
Multiple Oscar Actors
pecheneg
Mystery Phrase Blitz: Oscar 'Best Actors'
pecheneg
F. Scott Fitzgerald Novels
LTH
Pick 3 Villains
ddd62291
Trending Topics
Kpop
Anime
Disney
NBA
Marvel
Harry Potter
Crossword
NFL
Pokémon
Song
Puzzle
WWE
Country
The Office
Soccer
Your Account Isn't Verified!
In order to create a playlist on Sporcle, you need to verify the email address you used during registration. Go to your
Sporcle Settings
to finish the process.
Report this User
Report this user for behavior that violates our
Community Guidelines
.
Details:
Send Report
Go to the Sporcle.com Mobile Site →
Comments